LEADER 01142nam a2200217 i 4500 001 000000018700 003 CaOOAMICUS 005 20180830125444.0 008 180830s1885 it u000 u ita u 040 $aSeMil$bita 100 1 $aHamon, André-Jean-Marie.$0(OLS)http://semarc/name/2779 245 10$aVita di san Francesco di Sales vescovo e principe di Ginevra :$bcompilata sui manoscritti e sugli autori contemporanei /$cdal curato di S. Sulpizio di Parigi [André-Jean-Marie Hamon] autore della vita del card. Cheverus ; (tradotta dal francese) 260 $aTorino :$bCav. Pietro Marietti,$c1885. 300 $a3 v. ;$c19 cm. 500 $aPer l'A. accertato, Hamon, cfr. Catholicisme, v. 5., col.503. 600 04$aFrancesco : di Sales .$0(OLS)http://semarc/subject/787 774 0 $tVol. 1.$g1$w()90946 774 0 $tVol. 3.$g3$w()247228 774 0 $tVol. 2.$g2$w()247229 996 $6245$aVita di san Francesco di Sales vescovo e principe di Ginevra :$bcompilata sui manoscritti e sugli autori contemporanei$9(OLS)http://semarc/title/24601 996 $6260$aTorino :$bCav. Pietro Marietti$9(OLS)http://semarc/publisher/34913 LEADER 01390nam a2200277 i 4500 001 000000207634 003 CaOOAMICUS 005 20111103000000.0 008 111103s1987 it u000 u ita u 013 $a186415 020 $a88-06-59336-6 040 $aSeMil$bita 100 1 $aNoble, David F.$0(OLS)http://semarc/name/63190 240 10$aAmerican by Design : science, technology, and the rise of corporate capitalism.$0(OLS)http://semarc/title/300242 245 10$aProgettare l'America :$bla scienza, la tecnologia e la nascita del capitalismo monopolistico /$cDavid F. Noble. 260 $aTorino :$bGiulio Einaudi,$ccopyr. 1987. 300 $aXXIII, 375 p. ;$c22 cm. 490 0 $aBiblioteca di cultura storica ;$v166 650 4$aEconomia e tecnologia.$0(OLS)http://semarc/subject/2821 650 4$aProgresso tecnico - Effetti sociali - Stati Uniti d'America.$0(OLS)http://semarc/subject/38975 830 0$aBiblioteca di cultura storica ;$v166.$0(OLS)http://semarc/title/365 850 $aSeMil 852 $aSeMil$W1$xVenegono$y1$m3U IV 304$j158093$B158093$CSeMilBibl$Z2$F169342 $81 996 $6020$a88-06-59336-6$9(OLS)http://semarc/number/201908 996 $6245$aProgettare l'America :$bla scienza, la tecnologia e la nascita del capitalismo monopolistico$9(OLS)http://semarc/title/300241 996 $6260$aTorino :$bGiulio Einaudi$9(OLS)http://semarc/publisher/29810